[Event "EU-Cup (Women) 18th"]
[Site "Rhodes"]
[Date "2013.10.22"]
[Round "3.2"]
[White "Bojkovic, Natasa"]
[Black "Kosteniuk, Alexandra"]
[Result "0-1"]
[WhiteElo "2414"]
[BlackElo "2495"]
[PlyCount "154"]
[EventDate "2013.10.20"]
[EventType "team-swiss"]
[EventRounds "7"]
[EventCountry "GRE"]
[SourceTitle "EXT 2014"]
[Source "ChessBase"]
[SourceDate "2013.11.20"]
[SourceVersion "1"]
[SourceVersionDate "2013.11.20"]
[SourceQuality "1"]
[WhiteTeam "Belgrade BAS (W)"]
[BlackTeam "Nashe Nasledie (W)"]
[WhiteTeamCountry "SRB"]
[BlackTeamCountry "RUS"]

1. e4 e5 2. Nf3 Nc6 3. Bb5 a6 4. Ba4 Nf6 5. 0-0 Bc5 6. d3 d6 7. c3 b5 8. Bc2 Ba7 9. a4 0-0 10. axb5 axb5 11. Be3 Bb7 12. Bxa7 Rxa7 13. Rxa7 Nxa7 14. b4 Re8 15. Nbd2 Nc8 16. Bb3 h6 17. Re1 c5 18. Qb1 Qc7 19. Ba2 d5 20. exd5 Nxd5 21. Bxd5 Bxd5 22. d4 cxd4 23. cxd4 e4 24. Nxe4 Ne7 25. Ned2 Rc8 26. Qd3 Qb7 27. Nb3 Bc4 28. Qd1 Nd5 29. Nc5 Qa8 30. Qd2 Qa3 31. Rb1 Nc3 32. Re1 Qxb4 33. h3 Nd5 34. Rc1 Qxd2 35. Nxd2 Nf4 36. Rb1 Ne2+ 37. Kh2 Nxd4 38. Nd7 Be6 39. Ne5 f6 40. Nef3 Nxf3+ 41. Nxf3 Rb8 42. Nd4 Bd7 43. Kg3 Kf7 44. Kf4 Ke7 45. Nb3 Rc8 46. Nd4 Rb8 47. Nb3 Kd6 48. Rd1+ Kc7 49. Nc5 Bc8 50. Ke3 Kb6 51. Nb3 b4 52. Rd8 Ra8 53. Kd4 Bb7 54. Rd7 Bxg2 55. Rxg7 Bf1 56. Rd7 Rc8 57. Nd2 Bxh3 58. Rh7 Rd8+ 59. Ke3 Re8+ 60. Kd4 Bf5 61. Rxh6 Rd8+ 62. Kc4 Be6+ 63. Kxb4 Rxd2 64. Rxf6 Re2 65. f4 Re4+ 66. Kc3 Kc5 67. f5 Bd5 68. Rf8 Re3+ 69. Kd2 Kd4 70. f6 Rf3 71. Ke2 Rf5 72. Kd2 Rf4 73. f7 Bxf7 74. Ke1 Ke3 75. Rd8 Rg4 76. Kd1 Bg6 77. Kc1 Rb4 0-1

[Event "SRB-chT (Women)"]
[Site "Kragujevac"]
[Date "2013.09.02"]
[Round "10.6"]
[White "Ozturk Orenli, Kubra"]
[Black "Bojkovic, Natasa"]
[Result "1/2-1/2"]
[WhiteElo "2254"]
[BlackElo "2415"]
[PlyCount "55"]
[EventDate "2013.08.24"]
[EventType "team-tourn"]
[EventRounds "11"]
[EventCountry "SRB"]
[SourceTitle "CBM 156 Extra"]
[Source "ChessBase"]
[SourceDate "2013.10.22"]
[SourceVersion "1"]
[SourceVersionDate "2013.10.22"]
[SourceQuality "1"]
[WhiteTeam "Novi Sad (W)"]
[BlackTeam "Belgrade BAS (W)"]
[WhiteTeamCountry "SRB"]
[BlackTeamCountry "SRB"]

1. d4 Nf6 2. c4 e6 3. g3 d5 4. Bg2 Bb4+ 5. Bd2 Be7 6. Nf3 c6 7. Qc2 0-0 8. 0-0 b6 9. Rd1 Bb7 10. b3 Nbd7 11. Nc3 Rc8 12. e4 c5 13. exd5 exd5 14. dxc5 dxc4 15. b4 bxc5 16. b5 Bxf3 17. Bxf3 Ne5 18. Bb7 Qc7 19. Bxc8 Qxc8 20. Ne4 Nf3+ 21. Kg2 Nd4 22. Qb1 Qg4 23. Re1 Qf3+ 24. Kh3 Qh5+ 25. Kg2 Qf3+ 26. Kh3 Qh5+ 27. Kg2 Qf3+ 28. Kh3 1/2-1/2